[Event "TCh-FRA Top 16 Gp A"]
[Site "Clichy FRA"]
[Date "2006.02.04"]
[Round "2"]
[White "Rahal,M"]
[Black "Belkhodja,S"]
[Result "1-0"]
[WhiteElo "2397"]
[BlackElo "2488"]

1.e4 d6 2.d4 Nf6 3.Nc3 Nbd7 4.g4 h6 5.Bg2 e5 6.h3 c5 7.dxe5 dxe5 8.Nge2 b6
9.Ng3 Bb7 10.g5 hxg5 11.Bxg5 Qc7 12.Qf3 a6 13.O-O-O b5 14.h4 b4 15.Nd5 Nxd5
16.exd5 f6 17.Be3 O-O-O 18.Qg4 Kb8 19.d6 Qc8 20.Bxb7 Qxb7 21.Ne4 Qc6 22.f3 c4
23.Kb1 Nb6 24.Bxb6 Qxb6 25.Qe6 Qc6 26.h5 Re8 27.Qf7 Rd8 28.h6 Rd7 29.hxg7 Bxg7
30.Rxh8+ Bxh8 31.Qe6 Rd8 32.Qe7 Qd7 33.Qxd7 Rxd7 34.Nc5 Kc8  1-0

[Event "Young Masters"]
[Site "Cuernavaca MEX"]
[Date "2006.02.04"]
[Round "2"]
[White "Vallejo Pons,F"]
[Black "Leon Hoyos,M"]
[Result "1-0"]
[WhiteElo "2650"]
[BlackElo "2428"]

1.e4 d6 2.d4 Nf6 3.Nc3 e5 4.Nge2 Be7 5.g3 exd4 6.Nxd4 d5 7.e5 Ng4 8.Bf4 g5
9.e6 h5 10.exf7+ Kxf7 11.Bc1 Bc5 12.Be3 Re8 13.Qd2 Nxe3 14.fxe3 Nc6 15.O-O-O Kg7
16.Bb5 Bg4 17.Rdf1 Qd6 18.Na4 Re5 19.Bxc6 bxc6 20.Nxc5 Qxc5 21.h3 Bd7 22.g4 Rae8
23.gxh5 Rxe3 24.h6+ Kh8 25.b4 Qd6 26.Rf7 a5 27.Nf3 Qxb4 28.Qxb4 axb4 29.Nxg5 R3e5
30.Rh7+ Kg8 31.Rg7+  1-0

[Event "FSGM February"]
[Site "Budapest HUN"]
[Date "2006.02.06"]
[Round "3"]
[White "Vajda,L"]
[Black "Nemeth,Mi1"]
[Result "1-0"]
[WhiteElo "2526"]
[BlackElo "2378"]

1.e4 d6 2.d4 Nf6 3.Nc3 e5 4.Nf3 Nbd7 5.Bc4 Be7 6.O-O O-O 7.a4 c6 8.Re1 b6
9.Bd2 a6 10.b4 Qc7 11.Bd3 Bb7 12.b5 Rfe8 13.Qe2 exd4 14.Nxd4 axb5 15.axb5 Rxa1
16.Rxa1 c5 17.Nc6 Bf8 18.Ra7 d5 19.e5 c4 20.Nxd5 Nxd5 21.Bxc4 Nxe5 22.Bxd5 Qd7
23.c4 Qf5 24.Rxb7 Nf3+ 25.Bxf3 Rxe2 26.Bxe2 h5 27.Rb8 Qc2 28.Rd8 g6 29.Bf1 Kg7
30.Be3 Bc5 31.Bxc5 bxc5 32.b6 Qb1 33.Rb8 g5 34.b7 Kf6 35.Na5  1-0

[Event "Young Masters"]
[Site "Cuernavaca MEX"]
[Date "2006.02.06"]
[Round "4"]
[White "Karjakin,Sergey"]
[Black "Felgaer,R"]
[Result "1-0"]
[WhiteElo "2660"]
[BlackElo "2607"]

1.e4 d6 2.d4 Nf6 3.Nc3 e5 4.Nf3 Nbd7 5.Bc4 Be7 6.O-O c6 7.a4 O-O 8.Re1 b6
9.d5 cxd5 10.Nxd5 Bb7 11.b3 Rc8 12.Re2 Nc5 13.Nxf6+ Bxf6 14.Bd5 Qd7 15.Ba3 Bxd5
16.Qxd5 Ne6 17.Qb5 Qb7 18.Rae1 a6 19.Qb4 Rfd8 20.c4 Rd7 21.Rd1 Be7 22.Qe1 b5
23.cxb5 axb5 24.a5 Nf4 25.Ra2 f5 26.exf5 e4 27.a6 Qa8 28.g3 exf3 29.gxf4 Kh8
30.Qe6 Rdc7 31.Bb2 Bf8 32.a7 Qc6 33.f6 Ra8 34.Kh1 Qd7 35.Qd5 Raxa7 36.Rxa7 Rxa7
37.Rg1 Qe8 38.f5  1-0

[Event "ch-UKR g-20"]
[Site "Lviv UKR"]
[Date "2006.02.06"]
[Round "5"]
[White "Choba,Y"]
[Black "Arutyunova,D"]
[Result "0-1"]
[WhiteElo "1783"]
[BlackElo "2326"]

1.e4 d6 2.d4 Nf6 3.Nc3 c6 4.a4 Qa5 5.Bd2 e5 6.Nge2 Qc7 7.d5 Be7 8.Ng3 O-O
9.Be2 cxd5 10.Nxd5 Nxd5 11.exd5 f5 12.O-O Nd7 13.a5 Nf6 14.Nh5 Ne4 15.Ng3 Nf6
16.Nh5 f4 17.Nxf6+ Rxf6 18.Bf3 Bf5 19.Bc3 Rg6 20.Re1 Rf8 21.Qe2 Qd7 22.Kh1 Rh6
23.Rg1 Bd8 24.g3 Bg5 25.Rae1 fxg3 26.fxg3 Bxc2 27.Bg4 Qa4 28.Rg2 Bb3 29.Bf3 Rhf6
30.Be4 Bc4 31.Qh5 Bh6 32.Qg4 Qb5 33.Qd1 Bb3 34.Qe2 Rf1+ 35.Rg1 Rxg1+ 36.Kxg1 Qc5+
37.Kh1 Bxd5 38.Bxd5+ Qxd5+ 39.Kg1 g6 40.Bb4 Qd4+  0-1

[Event "SFch-NED"]
[Site "Hilversum NED"]
[Date "2006.02.11"]
[Round "1.1"]
[White "Rothuis,V"]
[Black "Carlier,B"]
[Result "1-0"]
[WhiteElo "2342"]
[BlackElo "2464"]

1.e4 d6 2.d4 Nf6 3.Nc3 e5 4.Nf3 Nbd7 5.Bc4 h6 6.O-O Be7 7.Re1 O-O 8.a4 a5
9.h3 c6 10.Ba2 Re8 11.Be3 exd4 12.Nxd4 Nc5 13.Qf3 Bf8 14.Bf4 Ne6 15.Bxe6 Bxe6
16.Rad1 Qb6 17.Re3 d5 18.e5 Nh7 19.Qh5 g6 20.Rg3 Kh8 21.Rxg6 fxg6 22.Qxg6 Bg8
23.e6 Bg7 24.Nf5 Bf6 25.Bxh6 Qc7 26.Ne4 dxe4 27.Rd7 Qe5 28.g4 Red8 29.g5 Rxd7
30.exd7 Bf7 31.Qxf7 Nxg5 32.Bxg5 Bxg5 33.Qh5+  1-0

[Event "ch-CUB sf"]
[Site "Santa Clara CUB"]
[Date "2006.02.13"]
[Round "9"]
[White "De la Paz,F"]
[Black "Blanco,H"]
[Result "1-0"]
[WhiteElo "2445"]
[BlackElo "2357"]

1.e4 d6 2.d4 Nf6 3.Nc3 e5 4.Nf3 Nbd7 5.Bc4 Be7 6.O-O O-O 7.Re1 c6 8.a4 b6
9.h3 a6 10.d5 cxd5 11.Nxd5 Bb7 12.Bg5 Bxd5 13.exd5 Ne8 14.Bd2 f5 15.Bb4 Kh8
16.Qe2 Bf6 17.Bxa6 e4 18.Nd2 Bxb2 19.Rab1 Bf6 20.Bb5 Nc5 21.Bc6 Ra7 22.Nc4 Nxa4
23.Ra1 Bxa1 24.Rxa1 b5 25.Qe3 Rc7 26.Bxb5 Nc5 27.Bc6 Qf6 28.Ra8 Nb7 29.Qb6 Qe7
30.Rb8 Nd8 31.Bxe8 Rxc4 32.Bxd6 Qg5 33.Bxf8 Qc1+ 34.Kh2 Rxc2 35.Bd6  1-0

[Event "Aeroflot Open"]
[Site "Moscow RUS"]
[Date "2006.02.15"]
[Round "8"]
[White "Moiseenko,A1"]
[Black "Kazhgaleyev,M"]
[Result "0-1"]
[WhiteElo "2657"]
[BlackElo "2607"]

1.d4 d6 2.e4 Nf6 3.Nc3 e5 4.Nge2 exd4 5.Nxd4 Be7 6.Be2 O-O 7.O-O Re8 8.Re1 Bf8
9.Bf1 Nbd7 10.Bg5 h6 11.Bh4 c6 12.a4 Ne5 13.a5 a6 14.h3 Bd7 15.Qd2 Ng6 16.Bg3 Nh5
17.Bh2 Qf6 18.Na4 Rad8 19.Nb6 Nhf4 20.Nxd7 Rxd7 21.Qc3 d5 22.exd5 Nxd5 23.Qc4 Rxe1
24.Rxe1 Ndf4 25.Nb3 Rd5 26.Re8 Re5 27.Rxe5 Qxe5 28.Qd4 Ne2+ 29.Bxe2 Qxe2
30.Qd2 Qe4 31.Bg3 h5 32.Qd3 Qe1+ 33.Qf1 Qe6 34.Qd1 h4 35.Bc7 Qe7 36.Bb6 Qe4
37.Nc5 Bxc5 38.Bxc5 f6 39.Be3 Ne7 40.Qd8+ Kh7 41.Qe8 Qe5 42.c4 Ng6 43.Qxe5 Nxe5
44.b3 Kg6 45.Kf1 Kf5 46.Ke2 g5 47.Bc5 Ng6 48.Kf3 Nf4 49.Bb6 Ne6 50.Ke3 g4
51.hxg4+ Kxg4 52.Ke2 f5 53.Kf1 c5 54.Kg1 f4 55.Kh2 f3 56.gxf3+ Kxf3 57.Kh3 Kxf2
58.Kxh4 Ke3 59.Kg4 Ke4 60.Ba7 Nd4 61.Bxc5 Nxb3 62.Bb6 Kd3 63.c5 Kc4 64.Kf5 Kb5
65.Ke6 Nxa5 66.Kd6 Nb3 67.Kd5 a5  0-1

[Event "EU-chT Seniors"]
[Site "Dresden GER"]
[Date "2006.02.17"]
[Round "1"]
[White "Westerinen,H"]
[Black "Rost van Tonningen,O"]
[Result "1-0"]
[WhiteElo "2382"]
[BlackElo "2146"]

1.e4 d6 2.d4 Nf6 3.Nc3 Nbd7 4.f4 e5 5.Nf3 exd4 6.Qxd4 c6 7.Be2 d5 8.exd5 Bc5
9.Qc4 cxd5 10.Nxd5 Nxd5 11.Qxd5 O-O 12.Bd2 Qe7 13.Ne5 Nb6 14.Qf3 Re8 15.O-O-O Be6
16.Rhe1 Bxa2 17.Bb5 Rec8 18.Nd7 Qh4 19.g3 Qxh2 20.Re2 Qh3 21.Rh1 Qf5 22.Re5 Qxe5
23.fxe5 Bd5 24.Nf6+ gxf6 25.Qg4+ Kf8 26.exf6 Rc6 27.Bxc6 bxc6 28.Re1 Be6
29.Rxe6 fxe6 30.Qxe6  1-0

[Event "22nd Open"]
[Site "Cappelle la Grande FRA"]
[Date "2006.02.18"]
[Round "1"]
[White "Dembo,Y"]
[Black "Cieza,A"]
[Result "1-0"]
[WhiteElo "2461"]
[BlackElo "2257"]

1.e4 d6 2.d4 Nf6 3.Nc3 c6 4.f4 Qa5 5.Bd3 e5 6.Nf3 Bg4 7.Be3 exd4 8.Bxd4 Qb4
9.Bxf6 gxf6 10.O-O Qxb2 11.Qe1 Qb6+ 12.Kh1 Bxf3 13.Rxf3 Nd7 14.Bc4 Qc7 15.a4 Nb6
16.Bb3 a5 17.Qh4 h5 18.e5 d5 19.Qxf6 Rh6 20.Qg5 Qe7 21.Qxe7+ Bxe7 22.Ne2 h4
23.Nd4 Rh5 24.c3 O-O-O 25.Rh3 Rg8 26.g4 Rhh8 27.g5 Nc4 28.Nf5 Bc5 29.Bxc4 dxc4
30.Rxh4 Rxh4 31.Nxh4 Rd8 32.f5 Rd3 33.g6 fxg6 34.fxg6 Bf8 35.Nf5 Rxc3 36.e6 Kd8
37.e7+ Ke8  1-0

[Event "EU-chT Seniors"]
[Site "Dresden GER"]
[Date "2006.02.18"]
[Round "2"]
[White "Karl,H"]
[Black "Eis,H"]
[Result "1/2-1/2"]
[WhiteElo "2244"]
[BlackElo "2145"]

1.d4 d6 2.e4 Nf6 3.Nc3 c6 4.Nf3 Bg4 5.Be2 Nbd7 6.O-O e5 7.Be3 Be7 8.h3 Bh5
9.Nd2 Bxe2 10.Qxe2 O-O 11.f4 exf4 12.Rxf4 Ne8 13.Raf1 Bg5 14.Rg4 Bxe3+ 15.Qxe3 Qe7
16.Rg3 Nc7 17.Qh6 f6 18.Qh5 Nb6 19.Rf4 Qf7 20.Qe2 Ne6 21.Rfg4  1/2-1/2

[Event "EU-chT Seniors"]
[Site "Dresden GER"]
[Date "2006.02.18"]
[Round "2"]
[White "James,GH"]
[Black "Krylov,Sergey"]
[Result "1-0"]
[WhiteElo "2201"]
[BlackElo "2387"]

1.e4 d6 2.d4 Nf6 3.Nc3 c6 4.Be3 Ng4 5.Bg5 Qb6 6.Qd2 Qxb2 7.Rb1 Qa3 8.Bc4 Qa5
9.Nf3 h6 10.Bh4 g5 11.Bg3 Bg7 12.h3 Nf6 13.e5 Nh5 14.Bh2 d5 15.Bd3 Na6 16.O-O Nf4
17.Bxf4 gxf4 18.Rb3 Nc7 19.Qxf4 Ne6 20.Qh4 Qc7 21.Re1 a6 22.Ne2 c5 23.Bf5 cxd4
24.Bxe6 Bxe6 25.Nexd4 O-O 26.Nxe6 fxe6 27.Nd4 Qd7 28.Rg3 Kh8 29.Qg4 Rg8 30.Qg6 Qe8
31.Qxe6 Qh5 32.Nf5 Rae8 33.Nxg7 Rxg7 34.Rxg7 Kxg7 35.Qxd5 b5 36.Re3 Kh8 37.Qc6 e6
38.Qd7  1-0

[Event "Bundesliga 2005-6"]
[Site "Solingen GER"]
[Date "2006.02.18"]
[Round "10"]
[White "Smeets,J"]
[Black "Maiwald,JU"]
[Result "0-1"]
[WhiteElo "2550"]
[BlackElo "2503"]

1.e4 d6 2.d4 Nf6 3.Nc3 e5 4.dxe5 dxe5 5.Qxd8+ Kxd8 6.Bc4 Be6 7.Bxe6 fxe6
8.f3 Nc6 9.Be3 Bd6 10.Nb1 Ke7 11.c3 h6 12.Nh3 g5 13.Nf2 Nh5 14.g3 Raf8 15.Ke2 a6
16.Ng4 Nf6 17.h4 gxh4 18.Rxh4 h5 19.Nf2 Rfg8 20.Rh3 Rh7 21.Nd3 Rhg7 22.Bf2 Nd8
23.c4 c6 24.c5 Bc7 25.Nd2 Nf7 26.Nc4 Rd8 27.Rc1 Ng5 28.Rch1 Nxf3 29.Kxf3 Rxd3+
30.Be3 Rd8 31.a3 Rf8 32.Nd2 Bd8 33.Nc4 Bc7 34.Nd2 Rg6 35.Ke2 Rg4 36.Rf1 Rfg8
37.Rf3 Ba5 38.Nc4 Bc7 39.Nd2 R8g6 40.Bf2 Ba5 41.Rb3 Bxd2 42.Rxb7+ Kd8 43.Kxd2 Kc8
44.Rb6 Nxe4+ 45.Ke2 Rf6 46.Be1 Kc7 47.b4 Rf5 48.Rxa6 Ng5 49.Rh4 Nf3 50.Rxg4 hxg4
51.Ra7+ Kb8 52.Rg7 Nd4+ 53.Kd1 Rf3 54.Rxg4 Rxa3 55.Rg8+ Kb7 56.Bf2 Ra1+ 57.Kd2 Ra2+
58.Ke1 Nc2+ 59.Kf1 e4 60.Re8 e3 61.Re7+ Kb8 62.Rxe6 exf2 63.g4 Nxb4 64.Re3 Nd5
65.Rf3 Ra4 66.Rg3 Rxg4 67.Rb3+ Rb4 68.Rf3 Rb2 69.Kg2 Kb7 70.Ra3 Nf4+ 71.Kf1 Ne6
72.Rc3 Ka6 73.Kg2 Kb5 74.Kf1 Nxc5 75.Re3 Na4 76.Re8 c5 77.Re5 Kb4 78.Re8 c4
79.Rb8+ Kc3 80.Rc8 Ra2 81.Rc7 Nb6 82.Rc5 Kd4  0-1

[Event "Bundesliga 2005-6"]
[Site "Tegernsee GER"]
[Date "2006.02.18"]
[Round "10"]
[White "Hoffmann,Hen"]
[Black "Miltner,A"]
[Result "1/2-1/2"]
[WhiteElo "2288"]
[BlackElo "2400"]

1.e4 d6 2.d4 Nf6 3.Nc3 e5 4.Nge2 Be7 5.f3 c6 6.Be3 O-O 7.g4 exd4 8.Qxd4 d5
9.exd5 Nxd5 10.Nxd5 Bh4+ 11.Ng3 Qxd5 12.O-O-O Qxd4 13.Bxd4 Be6 14.Bd3 Nd7
15.Nf5 Bf6 16.Rhe1  1/2-1/2

[Event "ITT Torre Blanca"]
[Site "Buenos Aires ARG"]
[Date "2006.02.19"]
[Round "2"]
[White "Converset,J"]
[Black "Guerrero,Alv"]
[Result "1/2-1/2"]
[WhiteElo "2270"]
[BlackElo "2179"]

1.e4 d6 2.d4 Nf6 3.Nc3 e5 4.Nf3 Nbd7 5.g4 Nxg4 6.Rg1 exd4 7.Nxd4 Nde5 8.h3 Nf6
9.f4 Nc6 10.Nf3 g6 11.Bc4 Be6 12.Bd3 Qe7 13.Qe2 O-O-O 14.Be3 Bxh3 15.O-O-O h5
16.Rg5 Bh6 17.Rb5 Rhe8 18.Rxb7 Kxb7 19.Ba6+ Ka8 20.Qb5 Na5 21.Qxa5 c5 22.Nb5 Rd7
23.e5 Ng4 24.Bxc5 Bxf4+ 25.Kb1 dxc5 26.Rxd7 Qxd7 27.Bb7+ Qxb7 28.Nc7+ Kb8
29.Na6+ Ka8 30.Nc7+ Kb8 31.Na6+ Ka8  1/2-1/2

[Event "EU-chT Seniors"]
[Site "Dresden GER"]
[Date "2006.02.19"]
[Round "3"]
[White "Bold,K"]
[Black "Ager,J"]
[Result "1/2-1/2"]
[WhiteElo "2155"]
[BlackElo "2235"]

1.e4 d6 2.d4 Nf6 3.Nc3 Nbd7 4.Nf3 e5 5.Bc4 Be7 6.dxe5 dxe5 7.Bg5 c6 8.a4 O-O
9.O-O Qc7 10.Qe2 Nc5 11.h3 Ne6 12.Rfd1 h6 13.Be3 Nh5 14.Bxe6 Bxe6 15.Ng5 Bxg5
16.Bxg5 hxg5 17.Qxh5 f6 18.b3 Bf7 19.Qe2 Rad8 20.Rxd8 Rxd8 21.Rd1 Rd4 22.Rxd4 exd4
23.Nd1 Qe5 24.f3 c5 25.Nb2 a6 26.Nc4 Qe7 27.a5 Kh8 28.Kf2 Qc7 29.Nb6 Be8
30.Qc4 Bf7 31.Qe2 Be6 32.Nc4 Bxc4 33.Qxc4 Qxa5 34.Qf7 Qb5 35.e5 fxe5 36.Qf8+ Kh7
37.Qf5+ Kh6 38.Qe6+  1/2-1/2

[Event "22nd Open"]
[Site "Cappelle la Grande FRA"]
[Date "2006.02.20"]
[Round "4"]
[White "Starostits,I"]
[Black "Thielsch,N"]
[Result "1-0"]
[WhiteElo "2493"]
[BlackElo "2338"]

1.e4 d6 2.d4 Nf6 3.Nc3 Nbd7 4.Nf3 e5 5.Bc4 Be7 6.O-O O-O 7.a4 c6 8.Ba2 Qc7
9.Re1 b6 10.h3 a6 11.Bg5 Re8 12.dxe5 dxe5 13.Nh4 h6 14.Be3 Nf8 15.Qf3 Be6
16.Nf5 Bxa2 17.Rxa2 Rab8 18.Ne2 Ne6 19.Neg3 Ng5 20.Qe2 a5 21.Raa1 Bf8 22.h4 Ngxe4
23.Nxe4 Nxe4 24.Nxh6+ gxh6 25.Qg4+ Bg7 26.Qxe4 Qd7 27.Rad1 Qe6 28.g4 b5 29.Bd2 bxa4
30.Bc3 Rb5 31.Ra1 Rd8 32.Rxa4 Rdd5 33.Qg2 Qd7 34.Qh3 Qd8 35.h5 Qg5 36.Rae4 Bf8
37.Qg3 Bd6 38.Kg2 f6 39.Kh3 Kh7 40.Kg2 Rb7 41.Rc4 Rg7 42.Kf1 e4 43.Qg2 Qxg4
44.Qxe4+ Qxe4 45.Rexe4 Bc5 46.Re6 Rxh5 47.Rxc6 Be7 48.Ra6 Rf5 49.Rxa5 Rxa5
50.Bxa5 Rg5 51.Rc7 Rxa5 52.Rxe7+ Kg6 53.b4 Ra2 54.c4 Rb2 55.b5 Kf5 56.Rb7 Ke4
57.c5 Kf3 58.Ke1 h5 59.c6 h4 60.c7 Rc2 61.b6 h3 62.Rb8 h2 63.Rh8 Kg2 64.b7 Rxc7
65.Rxh2+ Kg1 66.b8=Q  1-0

[Event "EU-chT Seniors"]
[Site "Dresden GER"]
[Date "2006.02.20"]
[Round "4"]
[White "James,GH"]
[Black "Eis,H"]
[Result "1-0"]
[WhiteElo "2201"]
[BlackElo "2145"]

1.e4 d6 2.d4 Nf6 3.Nc3 c6 4.Be3 Qa5 5.Qd2 e5 6.f3 b5 7.Nge2 Be6 8.Nc1 a6
9.Nb3 Bxb3 10.cxb3 Nbd7 11.Be2 Be7 12.O-O O-O 13.Nd5 Qd8 14.Nxe7+ Qxe7 15.dxe5 dxe5
16.b4 Rfc8 17.Rac1 Rc7 18.Rfd1 Rac8 19.Qd6 Qxd6 20.Rxd6 Ne8 21.Rd3 Kf8 22.Rcd1 Nef6
23.Ra3 Ra8 24.Ra5 Ne8 25.Rd3 Ke7 26.Rda3 Rb8 27.Rxa6 c5 28.bxc5 Nxc5 29.Ra7 Na4
30.Bxb5 Rxb5 31.R3xa4 Rxb2 32.Rxc7+ Nxc7 33.Ra7 Kd6 34.a4 Kc6 35.a5 Rb7 36.Rxb7 Kxb7
37.Bc5 f6 38.Kf2 Kc6 39.Bb6 Na8 40.Be3 Kb5 41.Bd2 Nc7 42.g3 Ne8 43.f4 Nd6
44.Kf3 exf4 45.gxf4 Nc4 46.Bc3 Nxa5 47.Bxa5 Kxa5 48.Kg4 g6 49.e5 h5+ 50.Kh4 fxe5
51.fxe5  1-0

[Event "EU-chT Seniors"]
[Site "Dresden GER"]
[Date "2006.02.21"]
[Round "5"]
[White "Hampel,Jo"]
[Black "Villing,D"]
[Result "0-1"]
[WhiteElo "2194"]
[BlackElo "2261"]

1.d4 d6 2.e4 Nf6 3.Nc3 c6 4.f4 Qa5 5.Bd3 e5 6.Nf3 Bg4 7.Be3 Nbd7 8.O-O Be7
9.h3 Bxf3 10.Qxf3 O-O 11.dxe5 dxe5 12.f5 Bc5 13.Bxc5 Nxc5 14.g4 Qb4 15.g5 Nfd7
16.f6 gxf6 17.gxf6 Kh8 18.Kh1 Rg8 19.Rg1 Ne6 20.Ne2 Ndc5 21.c3 Qxb2 22.Bc4 b5
23.Bxe6 Nxe6 24.Qh5 Rad8 25.Rae1 Nf4 26.Nxf4 exf4 27.Rg7 Rxg7 28.fxg7+ Kg8
29.Qg5 Rd3 30.Qxf4 Rxh3+ 31.Kg1 Qxc3 32.Kf2 Qd4+ 33.Kg2 Rd3 34.Kh1 Qd6 35.e5 Qd5+
36.Kg1 Qd4+  0-1

[Event "22nd Open"]
[Site "Cappelle la Grande FRA"]
[Date "2006.02.22"]
[Round "6"]
[White "Spraggett,K"]
[Black "Claverie,C"]
[Result "1-0"]
[WhiteElo "2581"]
[BlackElo "2326"]

1.e4 d6 2.d4 Nf6 3.Nc3 e5 4.Nge2 Nbd7 5.f3 g6 6.Be3 Bg7 7.Qd2 c6 8.g4 Nb6
9.Ng3 Nfd7 10.Be2 O-O 11.O-O-O exd4 12.Bxd4 Ne5 13.f4 Nec4 14.Qd3 Bxd4 15.Qxd4 c5
16.Qf2 Qf6 17.g5 Qg7 18.e5 dxe5 19.Nge4 Be6 20.Nf6+ Kh8 21.b3 Na5 22.Qxc5 Nc6
23.fxe5 Rfc8 24.Nb5 Qf8 25.Nd6 Rc7 26.h4 h5 27.Bf3 Nd7 28.Nxd7 Bxd7 29.Bd5  1-0

[Event "EU-chT Seniors"]
[Site "Dresden GER"]
[Date "2006.02.22"]
[Round "6"]
[White "Bold,K"]
[Black "Degenhardt,N"]
[Result "1/2-1/2"]
[WhiteElo "2155"]
[BlackElo "2134"]

1.e4 d6 2.d4 Nf6 3.Nc3 Nbd7 4.Nf3 e5 5.Bc4 Be7 6.O-O c6 7.a4 O-O 8.Qe2 Qc7
9.Rd1 Nb6 10.Bb3 Bg4 11.h3 Bxf3 12.Qxf3 Rad8 13.Be3 Nbd7 14.Qe2 Ne8 15.a5 a6
16.Qc4 Kh8 17.g4 Rc8 18.Qe2 exd4 19.Bxd4 Bf6 20.Bxf6 Nexf6 21.g5 Ne8 22.Rd3 Nc5
23.Rg3  1/2-1/2

[Event "EU-chT Seniors"]
[Site "Dresden GER"]
[Date "2006.02.22"]
[Round "6"]
[White "Pape,M"]
[Black "Turikov,V"]
[Result "1/2-1/2"]
[WhiteElo "2222"]
[BlackElo "2345"]

1.e4 d6 2.d4 Nf6 3.Nc3 c6 4.f4 Qa5 5.Bd3 e5 6.Nf3 Nbd7 7.O-O Be7 8.Kh1 O-O
9.a3 exd4 10.Nxd4 Re8 11.Be3 Qc7 12.Qf3 Nc5 13.Rae1 Nxd3 14.cxd3 Bf8 15.h3 Nd7
16.Rc1 a5 17.Bg1 Qd8 18.Nd1 Nc5 19.b4 axb4 20.axb4 Ne6 21.Nc2 d5 22.exd5 cxd5
23.f5 Ng5 24.Qf2 f6 25.Qd4 Qd7 26.Nde3 Rd8 27.Ra1 Rxa1 28.Rxa1 Qc6 29.Qb2 Nf7
30.Ra5 b6 31.Nd4 Qb7 32.Ra3 Ne5 33.Qa2 Kh8 34.Ra7 Qb8 35.Ra8 Qd6 36.Nxd5 Bb7
37.Rxd8 Qxd8 38.Nf4 Bxb4 39.Qa7 Qc8 40.Qxb6 Bc5 41.Qe6 Bxd4  1/2-1/2

[Event "13th Open Metalis"]
[Site "Bizovac CRO"]
[Date "2006.02.23"]
[Round "2"]
[White "Drmic,T"]
[Black "Jovanovic,Zo CRO"]
[Result "0-1"]
[WhiteElo "2236"]
[BlackElo "2531"]

1.e4 d6 2.d4 Nf6 3.Nc3 e5 4.Nf3 exd4 5.Nxd4 Be7 6.Be2 O-O 7.O-O Re8 8.Re1 c5
9.Nf3 Nc6 10.h3 a6 11.a4 h6 12.Bf4 Be6 13.Qd2 d5 14.exd5 Nxd5 15.Nxd5 Qxd5
16.Qxd5 Bxd5 17.Rad1 Be6 18.Bd6 Bf5 19.Bxe7 Rxe7 20.Bd3 Rxe1+ 21.Nxe1 Rd8
22.Rc1 Bxd3 23.Nxd3 b6 24.Kf1 c4 25.Ne1 Kf8 26.Nf3 Nb4 27.Ne5 b5 28.axb5 axb5
29.c3 f6 30.cxb4 fxe5 31.Ra1 Ke7 32.Ke2 Rd3 33.Ra5 Rb3 34.Rxb5 Ke6 35.Rb7 g5
36.Kd2 Rxb2+ 37.Kc3 Rxf2 38.Kxc4 Rc2+ 39.Kd3 Rxg2 40.Rb6+ Kf5 41.Rxh6 e4+
42.Kd4 Rd2+ 43.Kc3 Rd8 44.Ra6 Rd3+ 45.Kc2 Rxh3 46.b5 Rh2+ 47.Kc3 Rh1 48.Ra2 e3
49.Kd4 Kf4 50.Rb2 Kf3 51.b6 Rd1+ 52.Kc4 e2 53.b7 Rd8 54.Rb3+ Kf2 55.Rd3 Rb8  0-1

[Event "22nd Open"]
[Site "Cappelle la Grande FRA"]
[Date "2006.02.23"]
[Round "7"]
[White "Dembo,Y"]
[Black "Paleologu,V"]
[Result "1-0"]
[WhiteElo "2461"]
[BlackElo "2161"]

1.e4 d6 2.d4 Nf6 3.Nc3 c6 4.f4 Qa5 5.Bd3 d5 6.e5 Ne4 7.Bxe4 dxe4 8.Ne2 f5
9.O-O e6 10.Bd2 Qd8 11.Na4 Na6 12.c4 b5 13.cxb5 cxb5 14.Nac3 Qb6 15.Kh1 Bb7
16.Be3 Nc7 17.Qd2 Nd5 18.Nxd5 Bxd5 19.g4 g6 20.Nc3 Rd8 21.Nxd5 Rxd5 22.gxf5 exf5
23.Qc2 Be7 24.Qb3 Qd8 25.Rac1 O-O 26.Rc8 Qd7 27.Rc7 Qxc7 28.Qxd5+ Kh8 29.Rc1 Qa5
30.Qb3 g5 31.d5 gxf4 32.Bxf4 Rg8 33.d6 Bf8 34.e6 Bxd6 35.Bxd6 b4 36.Rc5  1-0

[Event "22nd Open"]
[Site "Cappelle la Grande FRA"]
[Date "2006.02.23"]
[Round "7"]
[White "Ninov,N"]
[Black "Depyl,P"]
[Result "0-1"]
[WhiteElo "2513"]
[BlackElo "2201"]

1.e4 d6 2.d4 Nf6 3.Nc3 Nbd7 4.f4 e5 5.Be3 c6 6.Nf3 Qa5 7.Nd2 Be7 8.Nc4 Qc7
9.a4 O-O 10.Be2 exd4 11.Qxd4 d5 12.exd5 Nxd5 13.Nxd5 cxd5 14.Qxd5 Bh4+ 15.g3 Bf6
16.Kf2 Nb6 17.Qc5 Qxc5 18.Bxc5 Nxc4 19.Bxc4 Rd8 20.Rad1 Rxd1 21.Rxd1 Bg4
22.Re1 h5 23.c3 Rd8 24.Be3 b6 25.Be2 Rd5 26.Ra1 g6 27.a5 bxa5 28.Bc4 Rd1
29.Rxd1 Bxd1 30.Bxa7 h4 31.Ke1 Bf3 32.Bb6 hxg3 33.hxg3 a4 34.Bc5 Bc6 35.Kd2 g5
36.f5 g4 37.Be2 Be5 38.Bf2 Bf3 39.Bxf3 gxf3 40.Ke3 Bxc3 41.Kd3 Bxb2 42.g4 f6
43.Be3 a3 44.Kc2 Kf7 45.Kb3 Ke8  0-1

[Event "EU-chT Seniors"]
[Site "Dresden GER"]
[Date "2006.02.24"]
[Round "8"]
[White "Schoene,A"]
[Black "Braun,G"]
[Result "1/2-1/2"]
[WhiteElo "2187"]
[BlackElo "2314"]

1.e4 d6 2.d4 Nf6 3.Nc3 e5 4.Nf3 exd4 5.Qxd4 Be7 6.Bf4 O-O 7.O-O-O Nc6 8.Qd2 Be6
9.Bb5 a6 10.Bxc6 bxc6 11.Nd4 Qd7 12.e5 Nd5 13.exd6 cxd6 14.Bg3 Nxc3 15.Qxc3 Bd5
16.Nf3 Rfb8 17.b3 a5 18.a4 Rb4 19.Rhe1 Rab8 20.Qe3 Bf6 21.Rd3 Re4 22.Qd2 Rxe1+
23.Nxe1 Re8 24.c4 Be4 25.Rxd6 Qb7 26.Qe3 Qb4 27.Nc2 Qc3 28.Qxc3 Bxc3 29.f3 Bf5
30.Ne3 Bg6 31.Rxc6 h5 32.Nd5 Bd4 33.Kd2 Bb1 34.Rc7 Re6 35.Rb7 g5 36.Bc7 Bf2
37.Bd8 g4 38.fxg4 hxg4 39.Rb8 Be1+ 40.Kd1 Kg7 41.Bf6+ Kh6 42.Rh8+ Bh7 43.g3 Bb4
44.Bc3 Bxc3 45.Nxc3 Re3 46.Nd5 Rxb3 47.Nf6 Kg7 48.Rxh7+ Kxf6 49.Rh5 Rb4 50.Rxa5 Rxc4
51.Kd2 Ke6 52.Kd3 Rc1 53.Kd4 Rc2 54.Rh5 Ra2 55.a5 Kf6 56.Kc4 Kg6 57.Kb3 Ra1
58.Rc5 f5 59.Kc4 Ra2 60.Rc6+ Kg5 61.a6 Rxh2 62.a7 Ra2 63.Rc7 f4 64.Rg7+ Kf6
65.Rxg4 fxg3 66.Kc5 Rxa7 67.Rxg3  1/2-1/2

[Event "2nd Bundesliga Ost 2005-6"]
[Site "Austria AUT"]
[Date "2006.02.25"]
[Round "8"]
[White "Janetschek,K"]
[Black "Vokroj,R"]
[Result "1/2-1/2"]
[WhiteElo "2310"]
[BlackElo "2303"]

1.e4 d6 2.d4 Nf6 3.Nc3 c6 4.Nf3 Bg4 5.Be2 Nbd7 6.Be3 b5 7.a3 a6 8.h3 Bh5
9.Nd2 Bxe2 10.Qxe2 e5 11.O-O Be7 12.Rfd1 O-O 13.dxe5 dxe5 14.Nf1 Qc7 15.Ng3 Rfd8
16.Nf5 Bf8 17.Qf3 h6 18.Rd3 Kh7 19.g4 g6 20.Ng3 Kg7 21.Rad1 Be7 22.R1d2 Nc5
23.Bxc5 Rxd3 24.Qxd3 Bxc5 25.Nd1 Qb6  1/2-1/2

[Event "2nd Bundesliga Ost 2005-6"]
[Site "Austria AUT"]
[Date "2006.02.25"]
[Round "8"]
[White "Varga,Zo"]
[Black "Beim,V"]
[Result "1/2-1/2"]
[WhiteElo "2525"]
[BlackElo "2499"]

1.e4 d6 2.d4 Nf6 3.Nc3 e5 4.dxe5 dxe5 5.Qxd8+ Kxd8 6.Bc4 Ke8 7.f3 Bc5 8.Nge2 a6
9.Bg5 Nbd7 10.O-O-O h6 11.Bh4 c6 12.Kb1 b5 13.Bb3 Be7 14.Nc1 Nc5 15.N3e2 a5
16.c3 Nxb3 17.axb3 Be6 18.Kc2 Nd7 19.Bxe7  1/2-1/2

[Event "13th Open Metalis"]
[Site "Bizovac CRO"]
[Date "2006.02.25"]
[Round "6"]
[White "Matko,O"]
[Black "Jovanovic,Zo CRO"]
[Result "0-1"]
[WhiteElo "2132"]
[BlackElo "2531"]

1.e4 d6 2.d4 Nf6 3.Nc3 e5 4.dxe5 dxe5 5.Qxd8+ Kxd8 6.Bg5 c6 7.Bc4 Ke8 8.O-O-O Nbd7
9.f3 h6 10.Be3 Bc5 11.Bxc5 Nxc5 12.a3 a5 13.Nge2 Ke7 14.Rd2 b5 15.Ba2 Be6
16.Bxe6 Nxe6 17.Rhd1 Rhd8 18.Rxd8 Nxd8 19.Kd2 Ne6 20.Ke3 Nd7 21.b3 Nb6 22.Ra1 Nc5
23.Nc1 a4 24.Nd3 Nxd3 25.Kxd3 g6 26.g3 Ke6 27.h3 f6 28.Kd2 h5 29.Kd3 f5 30.Ke3 Kf6
31.Ke2 Ra7 32.Ke3 h4 33.g4 fxg4 34.fxg4 Ra8 35.Ke2 Kg5 36.Ke3 Ra7 37.Kf3 axb3
38.cxb3 b4 39.Na4 Nxa4 40.bxa4 Rf7+  0-1

[Event "2nd Bundesliga Ost 2005-6"]
[Site "Austria AUT"]
[Date "2006.02.26"]
[Round "9"]
[White "Mahdi,K"]
[Black "Varga,Zo"]
[Result "0-1"]
[WhiteElo "2359"]
[BlackElo "2525"]

1.e4 d6 2.d4 Nf6 3.Nc3 Nbd7 4.Nf3 e5 5.Bc4 Be7 6.O-O O-O 7.Re1 c6 8.a4 h6
9.h3 exd4 10.Qxd4 Ne5 11.Be2 Ng6 12.Be3 Re8 13.a5 Bf8 14.Bf1 Bd7 15.Qa4 c5
16.Bb5 Bxb5 17.Qxb5 Nxe4 18.Nxe4 Rxe4 19.Qxb7 Rb4 20.Qd5 Rxb2 21.Nd2 Rab8
22.Nc4 Rxc2 23.Qd3 Rxc4 24.Qxc4 d5 25.Qa6 d4 26.Bd2 Qd5 27.Qd3 c4 28.Qe4 Qxe4
29.Rxe4 Bc5 30.Kf1 c3 31.Be1 c2 32.Bd2 d3 33.Rae1 Rb1 34.Rc4 Be7 35.Rd4 Bg5  0-1

[Event "LXIII ch-POL"]
[Site "Krakow POL"]
[Date "2006.02.26"]
[Round "2"]
[White "Warakomski,T"]
[Black "Markowski,T"]
[Result "0-1"]
[WhiteElo "2430"]
[BlackElo "2565"]

1.e4 d6 2.d4 Nf6 3.Nc3 e5 4.Nf3 Nbd7 5.Bc4 Be7 6.O-O O-O 7.Re1 a6 8.a4 b6
9.d5 Kh8 10.Qe2 Ng8 11.Be3 g6 12.Nd2 Ndf6 13.f3 Nh5 14.Na2 Bg5 15.Nb4 f5
16.Nc6 Qf6 17.Bd3 a5 18.c3 Bf4 19.Qf2 Qg5 20.b4 Ngf6 21.bxa5 bxa5 22.c4 fxe4
23.Nxe4 Nxe4 24.Bxe4 Bf5 25.Bxf4 Nxf4 26.Qg3 Qf6 27.Ra3 Bxe4 28.Rxe4 Qf5
29.Qe1 Rf7 30.Rb3 Kg7 31.Kh1 h5 32.Kg1 h4 33.Qd2 Qg5 34.Kh1 Qf6 35.Qf2 Ra6
36.Nb8 Rb6 37.Rxb6 cxb6 38.h3 Nd3 39.Qxh4 Qxh4 40.Rxh4 Nc5 41.Nc6 Rf4 42.Rxf4 exf4
43.Kg1 Nxa4 44.Kf2 Nb2 45.Ke2 Kf6 46.Kd2 Nxc4+  0-1